[Event "International Championship of Paris"]
[Site "Paris FRA"]
[Date "2008.06.29"]
[EventDate "2008.06.28"]
[Round "2"]
[Result "0-1"]
[White "Davoud Pira"]
[Black "Maxime Vachier-Lagrave"]
[WhiteElo "2408"]
[BlackElo "2632"]
[PlyCount "102"]

1. c4 g6 2. Nc3 c5 3. g3 Bg7 4. Bg2 Nc6 5. a3 Nh6 6. Rb1 Nf5
7. e3 O-O 8. Nge2 a5 9. O-O d6 10. b3 e5 11. Nd5 Nfe7 12. Nec3
Nxd5 13. Nxd5 Be6 14. d3 Rb8 15. Bd2 b5 16. Nf6+ Qxf6 17. Bxc6
b4 18. axb4 axb4 19. Qe2 Qd8 20. Ra1 e4 21. Rad1 exd3 22. Qxd3
Rb6 23. Bd5 Ra6 24. Bc1 Qf6 25. e4 Bg4 26. f3 Bh3 27. Rf2 Qc3
28. Bb2 Qxb2 29. Rxb2 Bxb2 30. f4 Bd4+ 31. Kh1 Bg4 32. Re1 Ra2
33. e5 Re8 34. Bf3 Rd2 35. Qf1 Rf2 36. Bxg4 Rxf1+ 37. Rxf1
dxe5 38. fxe5 Rxe5 39. Bf3 Kg7 40. Kg2 Re3 41. Bd1 Rd3 42. Re1
f5 43. Re7+ Kf6 44. Re1 Rd2+ 45. Kh1 Bf2 46. Rf1 Ke5 47. Bf3
Kd4 48. Rd1 Rxd1+ 49. Bxd1 Kc3 50. Kg2 Bd4 51. g4 fxg4 0-1

[Event "International Championship of Paris"]
[Site "Paris FRA"]
[Date "2008.07.02"]
[EventDate "2008.06.28"]
[Round "5"]
[Result "1-0"]
[White "Maxime Vachier-Lagrave"]
[Black "Alexandra Kosteniuk"]
[WhiteElo "2632"]
[BlackElo "2523"]
[PlyCount "169"]

1. e4 e5 2. Nf3 Nc6 3. Bb5 a6 4. Ba4 Nf6 5. O-O Be7 6. Re1 b5
7. Bb3 O-O 8. c3 d5 9. exd5 Nxd5 10. Nxe5 Nxe5 11. Rxe5 c6
12. d4 Bd6 13. Re1 Qh4 14. g3 Qh3 15. Re4 g5 16. Qf1 Qh5
17. Nd2 Bf5 18. f3 Kh8 19. Re1 Nf4 20. Ne4 Bh3 21. Bxf4 Bxf1
22. Bxd6 Bc4 23. Be5+ f6 24. Nxf6 Rxf6 25. Bxf6+ Kg8 26. Re5
h6 27. Re7 Bxb3 28. axb3 Kf8 29. Rh7 Re8 30. Bg7+ Kg8 31. Rxh6
Qf7 32. Be5 Qxb3 33. Rxc6 Qxb2 34. Rg6+ Kf7 35. Rf6+ Ke7
36. Raxa6 Qc1+ 37. Kg2 Qd2+ 38. Kh3 g4+ 39. Kxg4 Rg8+ 40. Rg6
Rxg6+ 41. Rxg6 Qxc3 42. h4 b4 43. h5 b3 44. Rg7+ Ke6 45. h6 b2
46. h7 Qc8 47. Rg8 b1=Q 48. Rxc8 Qf5+ 49. Kh4 Qxh7+ 50. Kg5
Qf5+ 51. Kh6 Qxf3 52. Rd8 Ke7 53. Rd6 Qf8+ 54. Kg5 Qg8+
55. Rg6 Qa2 56. Rf6 Qg8+ 57. Kf4 Qa2 58. g4 Qc4 59. Kg5 Qg8+
60. Rg6 Qc4 61. Kh6 Kf7 62. Rg7+ Kf8 63. Bd6+ Ke8 64. Re7+ Kd8
65. Bc5 Qg8 66. g5 Qh8+ 67. Rh7 Qg8 68. g6 Qe6 69. Rf7 Qh3+
70. Kg7 Qg2 71. Re7 Qg4 72. Re5 Kd7 73. Re3 Kc6 74. Re5 Kd7
75. d5 Qc4 76. Be7 Qc8 77. Bf6 Kd6 78. Kf7 Qb7+ 79. Kf8 Qc8+
80. Re8 Qf5 81. Re6+ Kd7 82. g7 Qxd5 83. Re7+ Kd6 84. g8=Q Qf5
85. Qg3+ 1-0

[Event "International Championship of Paris"]
[Site "Paris FRA"]
[Date "2008.07.05"]
[EventDate "2008.06.28"]
[Round "8"]
[Result "1/2-1/2"]
[White "Pham Minh Hoang"]
[Black "Maxime Vachier-Lagrave"]
[WhiteElo "2479"]
[BlackElo "2632"]
[PlyCount "108"]

1. e4 c5 2. Nf3 d6 3. d4 cxd4 4. Nxd4 Nf6 5. Nc3 a6 6. Be2 e5
7. Nb3 Be7 8. Bg5 Nbd7 9. Qd3 h6 10. Bd2 Nb6 11. Rd1 Be6
12. Qg3 g5 13. Na5 Nbd7 14. Nb3 b5 15. f3 b4 16. Na4 d5
17. exd5 Nxd5 18. Qf2 Qc7 19. c4 Nf4 20. c5 Nxe2 21. Qxe2 Qc6
22. Nb6 Nxb6 23. cxb6 Qxb6 24. Qxe5 O-O 25. Be3 Bf6 26. Bxb6
Bxe5 27. Bd4 Bxd4 28. Nxd4 Bxa2 29. b3 a5 30. Ra1 Rfd8
31. Rxa2 Rxd4 32. Rd2 Rxd2 33. Kxd2 a4 34. bxa4 Rxa4 35. Rb1
Ra2+ 36. Ke3 Rxg2 37. h4 gxh4 38. Rxb4 Rh2 39. Kf4 Kg7 40. Kf5
Rf2 41. Rg4+ Kh7 42. f4 h3 43. Rh4 h2 44. Rh3 Rg2 45. Kf6 Kg8
46. Rh4 Ra2 47. Rh3 Rf2 48. Kf5 Kg7 49. Rg3+ Kh7 50. Rh3 Ra2
51. Kf6 Kg8 52. Kf5 h5 53. Kf6 Rf2 54. f5 Ra2 1/2-1/2

[Event "French Championship"]
[Site "Pau FRA"]
[Date "2008.08.23"]
[EventDate "2008.08.23"]
[Round "2"]
[Result "1/2-1/2"]
[White "Maxime Vachier-Lagrave"]
[Black "Etienne Bacrot"]
[WhiteElo "2681"]
[BlackElo "2691"]
[PlyCount "117"]

1. e4 e5 2. Nf3 Nc6 3. Bb5 Nf6 4. O-O Nxe4 5. d4 Nd6 6. Bxc6
dxc6 7. dxe5 Nf5 8. Qxd8+ Kxd8 9. Nc3 Ne7 10. h3 Ng6 11. Bg5+
Ke8 12. Rad1 Bd7 13. a3 h6 14. Bc1 Rd8 15. Rfe1 Bc8 16. Nd4
Bc5 17. Nb3 Rxd1 18. Nxd1 Bb6 19. Be3 Ke7 20. Kh2 Rd8 21. Kg3
Be6 22. Nc5 Bxc5 23. Bxc5+ Ke8 24. f4 b6 25. Bf2 Rd2 26. Bg1
Ne7 27. Ne3 Nf5+ 28. Nxf5 Bxf5 29. Kf3 Bxc2 30. Be3 Rd1
31. Rxd1 Bxd1+ 32. Kf2 h5 33. Ke1 Bc2 34. g4 hxg4 35. hxg4 Ke7
36. f5 g6 37. Bg5+ Ke8 38. Kd2 Bb1 39. fxg6 Bxg6 40. e6 fxe6
41. Bf4 Kd7 42. Be5 c5 43. Ke3 b5 44. Kf4 b4 45. a4 Bc2 46. a5
Kc6 47. Kg5 Bd1 48. Kh4 c4 49. g5 Bc2 50. Kh5 Kb5 51. g6 Bxg6+
52. Kxg6 Kxa5 53. Kf6 Ka4 54. Kxe6 Kb3 55. Kd5 a5 56. Bxc7 a4
57. Kd4 a3 58. bxa3 bxa3 59. Ba5 1/2-1/2

[Event "European Union Championship"]
[Site "Liverpool ENG"]
[Date "2008.09.09"]
[EventDate "2008.09.09"]
[Round "1"]
[Result "1-0"]
[White "Maxime Vachier-Lagrave"]
[Black "Iosefina Paulet"]
[WhiteElo "2681"]
[BlackElo "2275"]
[PlyCount "109"]

1. e4 c5 2. Nf3 d6 3. d4 cxd4 4. Nxd4 Nf6 5. Nc3 a6 6. Be3 e5
7. Nf3 Be7 8. Bc4 O-O 9. O-O Nc6 10. Bg5 b5 11. Bb3 Be6
12. Bxf6 Bxf6 13. Nd5 Bg5 14. Nxg5 Qxg5 15. Nc7 Bh3 16. Qf3
Bg4 17. Qg3 Nd4 18. Rfe1 Ra7 19. Nd5 Qg6 20. c3 Nxb3 21. axb3
f5 22. Rxa6 Qf7 23. Rxa7 Qxa7 24. h3 Bh5 25. exf5 Rxf5 26. Qh4
Rf7 27. Ne3 Bg6 28. Qd8+ Rf8 29. Qxd6 e4 30. Qd5+ Bf7 31. Qxb5
Be6 32. Qc6 Qf7 33. Re2 Rd8 34. Qxe4 Bxb3 35. c4 h6 36. Nd5
Bxc4 37. Ne7+ Kh8 38. Ng6+ Kg8 39. Ne5 Rd1+ 40. Kh2 Bd5
41. Nxf7 Bxe4 42. Nxh6+ gxh6 43. Rxe4 Rd2 44. Rf4 Rxb2 45. g4
Rb3 46. f3 Kg7 47. Kg3 Kg6 48. Ra4 Rb6 49. f4 Rb3+ 50. Kh4 Kf6
51. Ra6+ Kg7 52. Ra7+ Kg8 53. f5 Rb6 54. Kh5 Rf6 55. Re7 1-0

[Event "European Union Championship"]
[Site "Liverpool ENG"]
[Date "2008.09.10"]
[EventDate "2008.09.09"]
[Round "2"]
[Result "0-1"]
[White "Colin A McNab"]
[Black "Maxime Vachier-Lagrave"]
[WhiteElo "2450"]
[BlackElo "2681"]
[PlyCount "78"]

1. c4 Nf6 2. Nf3 g6 3. g3 Bg7 4. Bg2 O-O 5. O-O d5 6. cxd5
Nxd5 7. d4 Nb6 8. Nc3 Nc6 9. e3 Re8 10. d5 Na5 11. Nd4 Bd7
12. Qc2 Qc8 13. b3 c6 14. Qd2 Bh3 15. Bxh3 Qxh3 16. Nce2 c5
17. Nf4 Qd7 18. Qxa5 cxd4 19. e4 Rac8 20. Bd2 Rc2 21. Rac1
Rec8 22. Qxa7 Rxd2 23. Qxb6 Be5 24. Ng2 Rxa2 25. Rxc8+ Qxc8
26. Ne1 Qc3 27. Qb5 Bd6 28. Nd3 Rd2 29. e5 Qxd3 30. Qxd3 Rxd3
31. exd6 exd6 32. Rb1 Kg7 33. Kf1 Kf6 34. Ke2 Rc3 35. f4 Kf5
36. Kd2 Ke4 37. Re1+ Re3 38. Rc1 Rd3+ 39. Ke2 Rc3 0-1

[Event "European Union Championship"]
[Site "Liverpool ENG"]
[Date "2008.09.12"]
[EventDate "2008.09.09"]
[Round "4"]
[Result "1/2-1/2"]
[White "Ali Bitalzadeh"]
[Black "Maxime Vachier-Lagrave"]
[WhiteElo "2310"]
[BlackElo "2681"]
[PlyCount "77"]

1. d4 Nf6 2. c4 c5 3. d5 b5 4. cxb5 a6 5. f3 e6 6. e4 exd5
7. e5 Qe7 8. Qe2 Ng8 9. Nc3 Bb7 10. Nh3 c4 11. Be3 axb5
12. O-O-O Qb4 13. Nf4 Ne7 14. Qf2 Qa5 15. Bb6 Qa6 16. Rxd5 Bc6
17. Rxb5 Bxb5 18. Ne4 Nc8 19. Nd5 Nxb6 20. Nc7+ Kd8 21. Nxa6
Rxa6 22. Nc3 Bc6 23. Bxc4 Nxc4 24. Qh4+ Be7 25. Qxc4 Rf8
26. b4 Rb6 27. a3 Na6 28. Nd5 Bxd5 29. Qxd5 Nc7 30. Qd3 Kc8
31. Kb2 f6 32. Qxh7 fxe5 33. Qxg7 Re6 34. Kb3 Nb5 35. Re1 Nd4+
36. Ka2 Rff6 37. Qh8+ Rf8 38. Qg7 Rff6 39. Qh8+ 1/2-1/2

[Event "European Union Championship"]
[Site "Liverpool ENG"]
[Date "2008.09.13"]
[EventDate "2008.09.09"]
[Round "5"]
[Result "1/2-1/2"]
[White "Maxime Vachier-Lagrave"]
[Black "Normunds Miezis"]
[WhiteElo "2681"]
[BlackElo "2540"]
[PlyCount "119"]

1. e4 c5 2. Nf3 e6 3. d4 cxd4 4. Nxd4 a6 5. Nc3 Qc7 6. Bd3 Nc6
7. Nxc6 dxc6 8. O-O e5 9. f4 Nf6 10. Kh1 Bd6 11. f5 h5 12. Be3
Qe7 13. Bg5 Bc5 14. Qf3 Bd4 15. a4 a5 16. Nd1 Bd7 17. Ne3 h4
18. c3 Bc5 19. Nc4 b6 20. Rae1 Bc8 21. b4 axb4 22. cxb4 Bd4
23. Be3 Bxe3 24. Qxe3 Rb8 25. Nxb6 Qxb4 26. Rb1 Qe7 27. Qg5
Qd8 28. Rfd1 O-O 29. a5 Qd4 30. Qxh4 Bxf5 31. Bc4 Rxb6
32. axb6 Qxc4 33. b7 Bxe4 34. b8=Q Bxg2+ 35. Kxg2 Qxh4
36. Qxe5 Qg4+ 37. Qg3 Qe2+ 38. Kg1 Ne4 39. Qf4 Nc3 40. Rd2 Qe6
41. Rbb2 Re8 42. Qf3 Qe1+ 43. Kg2 Nd5 44. Rf2 Qe6 45. Kh1 Ne3
46. Rbe2 f5 47. Re1 Qh6 48. Ra2 Re6 49. Rg1 Re8 50. Ra7 Ng4
51. Rxg4 fxg4 52. Qf7+ Kh7 53. Qxe8 Qc1+ 54. Kg2 Qb2+ 55. Kg3
Qc3+ 56. Kf2 Qf3+ 57. Ke1 Qc3+ 58. Ke2 Qf3+ 59. Ke1 Qc3+
60. Ke2 1/2-1/2

[Event "European Union Championship"]
[Site "Liverpool ENG"]
[Date "2008.09.16"]
[EventDate "2008.09.09"]
[Round "8"]
[Result "1/2-1/2"]
[White "David Howell"]
[Black "Maxime Vachier-Lagrave"]
[WhiteElo "2561"]
[BlackElo "2681"]
[PlyCount "37"]

1. e4 c5 2. c3 Nf6 3. e5 Nd5 4. Nf3 e6 5. d4 cxd4 6. cxd4 d6
7. Bc4 Nc6 8. O-O Be7 9. a3 O-O 10. Re1 b6 11. Qe2 Bb7 12. Bd2
dxe5 13. dxe5 Bc5 14. Nc3 Nxc3 15. Bxc3 Nd4 16. Nxd4 Bxd4
17. Bxd4 Qxd4 18. Rad1 Qc5 19. Bd3 1/2-1/2

[Event "European Club Cup"]
[Site "Kallithea GRE"]
[Date "2008.10.17"]
[EventDate "2008.10.17"]
[Round "1"]
[Result "1/2-1/2"]
[White "Krum Georgiev"]
[Black "Maxime Vachier-Lagrave"]
[WhiteElo "2453"]
[BlackElo "2716"]
[PlyCount "65"]

1. e4 c5 2. Nf3 e6 3. b3 b6 4. d4 cxd4 5. Nxd4 Bc5 6. Bb2 Qf6
7. Na3 Nc6 8. Nab5 Nxd4 9. Nxd4 Bb7 10. Qd2 Bxe4 11. O-O-O Qh6
12. Nb5 Ke7 13. f4 Kf8 14. Nd6 Nf6 15. b4 Bxd6 16. Qxd6+ Kg8
17. Bd3 Bxd3 18. Rxd3 Ne4 19. Qxd7 Qxf4+ 20. Kb1 h5 21. Rhd1
Qg4 22. Qb7 Rf8 23. Rd4 f5 24. Qe7 Kh7 25. Rd7 Rhg8 26. Qxe6
Re8 27. Qd5 a5 28. a3 axb4 29. axb4 Qg6 30. Qb7 Rb8 31. Qd5
Rbe8 32. Qb7 Rb8 33. Qd5 1/2-1/2

[Event "European Club Cup"]
[Site "Kallithea GRE"]
[Date "2008.10.20"]
[EventDate "2008.10.17"]
[Round "4"]
[Result "1-0"]
[White "Maxime Vachier-Lagrave"]
[Black "Robert Hardarson"]
[WhiteElo "2716"]
[BlackElo "2363"]
[PlyCount "101"]

1. e4 e5 2. Nf3 Nc6 3. Bb5 a6 4. Ba4 Nf6 5. O-O Nxe4 6. d4 b5
7. Bb3 d5 8. dxe5 Be6 9. Be3 Bc5 10. Qe2 O-O 11. Rd1 Bxe3
12. Qxe3 Ne7 13. c3 Nf5 14. Qe2 c5 15. Bc2 Ng5 16. Nbd2 Nxf3+
17. Qxf3 Qg5 18. Nb3 c4 19. Bxf5 cxb3 20. Bxe6 fxe6 21. Qh3
Qxe5 22. Re1 Qf4 23. Qxe6+ Kh8 24. Qe3 bxa2 25. Qxf4 Rxf4
26. Rxa2 h6 27. Rd1 Re4 28. Kf1 b4 29. Rxd5 bxc3 30. bxc3 Rb8
31. g3 Rb1+ 32. Kg2 Rc4 33. Rxa6 Rxc3 34. Rd7 Rb8 35. Raa7 Rg8
36. f4 Rc2+ 37. Kh3 Rf2 38. Rf7 Rb2 39. f5 Rb6 40. Kh4 Rc6
41. Kh5 Kh7 42. Rae7 Rb6 43. g4 Ra6 44. h4 Ra5 45. Re6 Kh8
46. g5 hxg5 47. hxg5 Ra1 48. Kg6 Rb1 49. Rfe7 Rb2 50. Re3 Rb6+
51. Kf7 1-0

[Event "Olympiad"]
[Site "Dresden GER"]
[Date "2008.11.13"]
[EventDate "2008.11.13"]
[Round "1"]
[Result "1/2-1/2"]
[White "Milan Drasko"]
[Black "Maxime Vachier-Lagrave"]
[WhiteElo "2537"]
[BlackElo "2716"]
[PlyCount "55"]

1. Nf3 g6 2. g3 Bg7 3. d4 Nf6 4. Bg2 O-O 5. O-O d5 6. c4 dxc4
7. Na3 c3 8. bxc3 c5 9. e3 Nc6 10. Bb2 Bf5 11. Re1 Rc8 12. d5
Nxd5 13. e4 Bxe4 14. Rxe4 Nxc3 15. Qxd8 Rfxd8 16. Bxc3 Bxc3
17. Rb1 b6 18. Bf1 Bf6 19. Ra4 Rc7 20. Kg2 e5 21. Nb5 Re7
22. Re1 Bg7 23. g4 h6 24. h4 Rde8 25. Nd6 Rd8 26. Nb5 Rde8
27. Nd6 Rd8 28. Nb5 1/2-1/2

[Event "Olympiad"]
[Site "Dresden GER"]
[Date "2008.11.16"]
[EventDate "2008.11.13"]
[Round "4"]
[Result "1-0"]
[White "Maxime Vachier-Lagrave"]
[Black "Jose Manuel Dominguez"]
[WhiteElo "2716"]
[BlackElo "2345"]
[PlyCount "67"]

1. e4 e5 2. Nf3 Qe7 3. Bc4 d6 4. O-O Bg4 5. Re1 Nf6 6. h3 Bh5
7. d4 c6 8. c3 Qc7 9. Nbd2 Nbd7 10. Nf1 O-O-O 11. Ng3 Bg6
12. Bb3 Nh5 13. Nxe5 dxe5 14. Nxh5 Kb8 15. Qf3 f6 16. Be3 Re8
17. Ng3 h5 18. h4 Rd8 19. Red1 Be8 20. Be6 g6 21. dxe5 fxe5
22. Bg5 Rc8 23. Rd2 Bh6 24. Bxh6 Rxh6 25. Rad1 Rh7 26. Nf1 Re7
27. Qh3 Rd8 28. Ne3 b5 29. a4 a6 30. axb5 axb5 31. c4 b4
32. c5 Kb7 33. Nc4 Nxc5 34. Rxd8 1-0

[Event "Olympiad"]
[Site "Dresden GER"]
[Date "2008.11.20"]
[EventDate "2008.11.13"]
[Round "7"]
[Result "1-0"]
[White "Maxime Vachier-Lagrave"]
[Black "Pentala Harikrishna"]
[WhiteElo "2716"]
[BlackElo "2659"]
[PlyCount "111"]

1. e4 e5 2. Nf3 Nc6 3. Bb5 a6 4. Ba4 Nf6 5. O-O Be7 6. Re1 b5
7. Bb3 d6 8. c3 O-O 9. h3 Nb8 10. d4 Nbd7 11. Nbd2 Bb7 12. Bc2
Re8 13. Nf1 Bf8 14. Ng3 g6 15. b3 Bg7 16. d5 Rc8 17. Be3 c6
18. c4 Nb6 19. Qe2 bxc4 20. bxc4 a5 21. Rab1 Nfd7 22. Bd3 Ba6
23. Rec1 Na4 24. Qd2 Nac5 25. Bf1 Rf8 26. Rd1 a4 27. Ne1 h5
28. f3 Re8 29. Nc2 Bf8 30. Nb4 Bb7 31. Ne2 Qa5 32. Nc3 Ba8
33. dxc6 Bxc6 34. Nb5 Re6 35. Nd5 Qxd2 36. Bxd2 Bxd5 37. cxd5
Ree8 38. Nc3 Kh7 39. Bb5 a3 40. Bc6 f5 41. Nb5 fxe4 42. fxe4
Rb8 43. Bb4 Red8 44. Rf1 Kg8 45. Bxd7 Nxd7 46. Bxa3 Rdc8
47. Bxd6 Ra8 48. Bxf8 Nxf8 49. Rf2 Rcb8 50. Rfb2 Nd7 51. Nc3
Rc8 52. Rb7 Nc5 53. R7b6 Ra3 54. Rc6 Rxc6 55. dxc6 Rxc3
56. Rb8+ 1-0

[Event "Gibtelecom"]
[Site "Catalan Bay GIB"]
[Date "2009.01.27"]
[EventDate "2009.01.27"]
[Round "1"]
[Result "1-0"]
[White "Maxime Vachier-Lagrave"]
[Black "Ernest Kharous"]
[WhiteElo "2696"]
[BlackElo "2400"]
[PlyCount "59"]

1. e4 e5 2. Nf3 d6 3. d4 Nf6 4. dxe5 Nxe4 5. Qd5 Nc5 6. Bg5
Be6 7. Qxc5 dxc5 8. Bxd8 Kxd8 9. Nbd2 Nd7 10. O-O-O Ke7
11. Ng5 g6 12. f4 Bh6 13. h4 Rad8 14. Be2 Nb6 15. g3 Bd5
16. Bf3 c6 17. Nge4 c4 18. Nd6 Rd7 19. Rhe1 f6 20. Bxd5 cxd5
21. Nf7 Kxf7 22. e6+ Ke7 23. exd7+ Kxd7 24. Ne4 Rf8 25. Nc3
Kd6 26. Re2 g5 27. hxg5 fxg5 28. Rh2 Bg7 29. Ne4+ Kc6 30. Nxg5
1-0

[Event "Gibtelecom"]
[Site "Catalan Bay GIB"]
[Date "2009.01.28"]
[EventDate "2009.01.27"]
[Round "2"]
[Result "1/2-1/2"]
[White "Mohamad Naser Al Sayed"]
[Black "Maxime Vachier-Lagrave"]
[WhiteElo "2488"]
[BlackElo "2696"]
[PlyCount "61"]

1. d4 Nf6 2. Nf3 g6 3. c4 Bg7 4. g3 O-O 5. Bg2 d5 6. cxd5 Nxd5
7. O-O Nb6 8. Nc3 Nc6 9. d5 Na5 10. Nd4 e6 11. Nb3 Nxb3
12. Qxb3 exd5 13. Bxd5 Nxd5 14. Qxd5 c6 15. Qf3 Be6 16. Be3
Qa5 17. Rfd1 Qb4 18. Ne4 Qxb2 19. Rab1 Qxa2 20. Rxb7 Kh8
21. Bg5 Qa4 22. Nc3 Qg4 23. Qe3 Rfe8 24. Bh6 Bxh6 25. Qxh6 Qc4
26. Rd3 a5 27. Re3 Rad8 28. Qg5 Bf5 29. Qf6+ Kg8 30. h4 h5
31. Ra7 1/2-1/2

[Event "Gibtelecom"]
[Site "Catalan Bay GIB"]
[Date "2009.01.30"]
[EventDate "2009.01.27"]
[Round "4"]
[Result "0-1"]
[White "Claudio Pantaleoni"]
[Black "Maxime Vachier-Lagrave"]
[WhiteElo "2211"]
[BlackElo "2696"]
[PlyCount "72"]

1. Nf3 Nf6 2. c4 g6 3. Nc3 Bg7 4. e4 d6 5. d4 O-O 6. Be2 e5
7. O-O exd4 8. Nxd4 Re8 9. f3 c6 10. Be3 d5 11. cxd5 cxd5
12. Nc2 Nc6 13. Nxd5 Nxd5 14. Qxd5 Qxd5 15. exd5 Nb4 16. Nxb4
Rxe3 17. Kf2 Re8 18. Rfd1 Bxb2 19. Rab1 Be5 20. g3 Bd6 21. Nd3
b6 22. f4 Bd7 23. Rbc1 Re4 24. Bf3 Ra4 25. Rd2 Rd8 26. Kg2 Rc8
27. Rxc8+ Bxc8 28. Ne5 f6 29. Bd1 Re4 30. Kf3 Re1 31. Nc4 Bc5
32. Be2 Rc1 33. Nb2 h5 34. h3 Bxh3 35. Nd3 Rc3 36. f5 Bxf5 0-1

[Event "Gibtelecom"]
[Site "Catalan Bay GIB"]
[Date "2009.02.02"]
[EventDate "2009.01.27"]
[Round "7"]
[Result "1-0"]
[White "Maxime Vachier-Lagrave"]
[Black "Anna Vitalyevna Zatonskih"]
[WhiteElo "2696"]
[BlackElo "2462"]
[PlyCount "43"]

1. e4 c6 2. d4 d5 3. f3 e6 4. Nc3 b6 5. Be3 Ba6 6. Bxa6 Nxa6
7. Nge2 Bb4 8. Qd3 Nc7 9. O-O-O Bxc3 10. Qxc3 Qd7 11. Qd3 Ne7
12. Kb1 Nb5 13. Nf4 Ng6 14. Nh5 f6 15. Bh6 Kf7 16. Bxg7 Nf4
17. Nxf4 Kxg7 18. Rhe1 Kf7 19. e5 f5 20. g4 fxg4 21. Rg1 Raf8
22. Nh5 1-0

[Event "TOP 16 GpA"]
[Site "Mulhouse FRA"]
[Date "2009.03.20"]
[EventDate "2009.03.20"]
[Round "1"]
[Result "1-0"]
[White "Maxime Vachier-Lagrave"]
[Black "Claude Landenbergue"]
[WhiteElo "2696"]
[BlackElo "2410"]
[PlyCount "39"]

1. e4 e5 2. Nf3 Nc6 3. Bb5 Nge7 4. O-O d6 5. d4 exd4 6. Nxd4
Bd7 7. Nc3 Nxd4 8. Bxd7+ Qxd7 9. Qxd4 Nc6 10. Qd3 Be7 11. Qg3
O-O-O 12. Be3 g6 13. Nd5 f5 14. b4 Rde8 15. b5 Ne5 16. Bxa7
Qxb5 17. Bd4 Qc4 18. Rfd1 fxe4 19. Bxe5 dxe5 20. Nxe7+ 1-0

[Event "TOP 16 GpA"]
[Site "Mulhouse FRA"]
[Date "2009.03.22"]
[EventDate "2009.03.20"]
[Round "3"]
[Result "1/2-1/2"]
[White "Maxime Vachier-Lagrave"]
[Black "Todor Todorov"]
[WhiteElo "2696"]
[BlackElo "2163"]
[PlyCount "65"]

1. e4 g6 2. d4 Bg7 3. Nc3 d6 4. Be3 a6 5. a4 Nf6 6. Qd2 O-O
7. Nf3 b6 8. Bd3 Bb7 9. O-O Nc6 10. Bh6 e5 11. Bxg7 Kxg7
12. d5 Ne7 13. Ne1 c6 14. dxc6 Nxc6 15. Nf3 d5 16. exd5 Nxd5
17. Be4 Nxc3 18. Qxc3 Nd4 19. Nxd4 exd4 20. Qf3 Bxe4 21. Qxe4
Re8 22. Qd3 Rc8 23. Rad1 Qf6 24. Rfe1 Rxe1+ 25. Rxe1 a5 26. g3
Kg8 27. Re4 Rd8 28. b3 Qd6 29. h4 h5 30. Qe2 Kg7 31. Rf4 Rd7
32. Qc4 Qd5 33. Qxd5 1/2-1/2

[Event "Russian Team Championship"]
[Site "Dagomys"]
[Date "2009.04.06"]
[EventDate "?"]
[Round "3"]
[Result "0-1"]
[White "Andrey Rychagov"]
[Black "Maxime Vachier-Lagrave"]
[WhiteElo "2530"]
[BlackElo "2684"]
[PlyCount "72"]

1. d4 Nf6 2. Nf3 g6 3. c4 Bg7 4. Nc3 O-O 5. e4 d6 6. Be2 e5
7. Be3 Ng4 8. Bg5 f6 9. Bc1 Nc6 10. d5 Nd4 11. Nxd4 exd4
12. Nb5 f5 13. O-O Ne5 14. Nxd4 fxe4 15. Be3 Qh4 16. Rc1 Ng4
17. Bxg4 Bxg4 18. Qd2 Be5 19. f4 exf3 20. Nxf3 Bxf3 21. gxf3
Rae8 22. Rc2 Bxh2+ 23. Qxh2 Qxh2+ 24. Kxh2 Rxe3 25. Kg2 Rf5
26. Rff2 g5 27. Rcd2 Kg7 28. b4 Kf6 29. c5 Ke5 30. Rd1 h5
31. Rdd2 h4 32. Rd1 g4 33. fxg4 Rg3+ 34. Kf1 Rxf2+ 35. Kxf2
Rxg4 36. a3 Rg3 0-1

[Event "Russian Team Championship"]
[Site "Dagomys"]
[Date "2009.04.07"]
[EventDate "?"]
[Round "4"]
[Result "1/2-1/2"]
[White "Maxime Vachier-Lagrave"]
[Black "Vladislav Ivanovich Tkachiev"]
[WhiteElo "2684"]
[BlackElo "2657"]
[PlyCount "59"]

1. e4 e5 2. Nf3 Nc6 3. Bb5 a6 4. Ba4 Nf6 5. O-O b5 6. Bb3 Bc5
7. c3 d6 8. a4 Bb7 9. d4 Bb6 10. Bg5 h6 11. Bxf6 Qxf6 12. d5
Ne7 13. axb5 axb5 14. Rxa8+ Bxa8 15. Na3 O-O 16. Nxb5 Bb7
17. Nd2 Ng6 18. Nc4 Bc5 19. Kh1 Nf4 20. f3 Rb8 21. g3 Nh3
22. Kg2 Bc8 23. Ba4 Ng5 24. h4 Bh3+ 25. Kh2 Qg6 26. b4 Bxf1
27. Qxf1 Ra8 28. Nb2 Bb6 29. hxg5 Qxg5 30. Bb3 1/2-1/2

[Event "Russian Team Championship"]
[Site "Dagomys"]
[Date "2009.04.09"]
[EventDate "?"]
[Round "6"]
[Result "1/2-1/2"]
[White "Maxime Vachier-Lagrave"]
[Black "Boris Grachev"]
[WhiteElo "2684"]
[BlackElo "2652"]
[PlyCount "54"]

1. e4 e6 2. d4 d5 3. Nd2 dxe4 4. Nxe4 Nd7 5. Nf3 Ngf6 6. Nxf6+
Nxf6 7. c3 c5 8. Ne5 a6 9. Be3 Qc7 10. Qa4+ Nd7 11. Bb5 cxd4
12. Bxd7+ Bxd7 13. Qxd4 Bb5 14. a4 Bd6 15. Nxf7 Kxf7 16. axb5
axb5 17. Ke2 Rhd8 18. Rxa8 Rxa8 19. Rd1 Ra6 20. b3 Be7 21. Qg4
Qxc3 22. Qh5+ Kf8 23. Qxh7 Qxb3 24. Qh8+ Kf7 25. Qh5+ Kg8
26. Rd8+ Bxd8 27. Qe8+ Kh7 1/2-1/2

[Event "TOP 16 GpA"]
[Site "Mulhouse FRA"]
[Date "2009.04.30"]
[EventDate "2009.04.30"]
[Round "4"]
[Result "1-0"]
[White "Maxime Vachier-Lagrave"]
[Black "Davoud Pira"]
[WhiteElo "2684"]
[BlackElo "2388"]
[PlyCount "75"]

1. e4 g6 2. d4 Bg7 3. Nc3 d6 4. Be3 a6 5. a4 b6 6. Nf3 e6
7. Bd3 Nd7 8. O-O Ne7 9. Ne2 Bb7 10. Ng3 c5 11. c3 Qc7 12. Re1
h6 13. Qd2 Rd8 14. h3 Qc8 15. b4 Kf8 16. Qe2 Kg8 17. Bf4 e5
18. dxe5 dxe5 19. Be3 cxb4 20. cxb4 Nc6 21. Rac1 Qa8 22. Bc4
Nd4 23. Qa2 Rf8 24. Red1 Bxe4 25. Nxd4 exd4 26. Bxd4 Ne5
27. Nxe4 Qxe4 28. Bxa6 Kh7 29. Bxb6 Ra8 30. b5 Rhe8 31. Qc2
Qh4 32. Be3 Re7 33. Kf1 Ng4 34. hxg4 Qh1+ 35. Ke2 Qxg2 36. Qc6
Qxg4+ 37. Qf3 Qxa4 38. Qxa8 1-0

[Event "TOP 16 GpA"]
[Site "Mulhouse FRA"]
[Date "2009.05.03"]
[EventDate "2009.04.30"]
[Round "7"]
[Result "0-1"]
[White "Etienne Bacrot"]
[Black "Maxime Vachier-Lagrave"]
[WhiteElo "2728"]
[BlackElo "2684"]
[PlyCount "62"]

1. e4 c5 2. Nf3 d6 3. d4 cxd4 4. Nxd4 Nf6 5. Nc3 a6 6. Be3 e6
7. g4 e5 8. Nf5 Nc6 9. Bg2 g6 10. g5 gxf5 11. exf5 Rg8 12. Bd5
Nxd5 13. Nxd5 Bg7 14. f6 Be6 15. Bb6 Bxd5 16. Bxd8 Bxh1
17. Bb6 Bxf6 18. Ke2 Bd8 19. Bxd8 Nd4+ 20. Ke3 Rxd8 21. Qxh1
Nxc2+ 22. Kd2 Nxa1 23. h4 d5 24. Qxa1 Rg6 25. b3 Re6 26. f4 d4
27. fxe5 d3 28. Qf1 Rxe5 29. Qf6 Re2+ 30. Kd1 Re6 31. Qh8+ Ke7
0-1

[Event "TOP 16 Poule Haute"]
[Site "Le Port Marly FRA"]
[Date "2009.05.28"]
[EventDate "2009.05.28"]
[Round "8"]
[Result "1/2-1/2"]
[White "Nicolas Brunner"]
[Black "Maxime Vachier-Lagrave"]
[WhiteElo "2398"]
[BlackElo "2684"]
[PlyCount "76"]

1. d4 Nf6 2. c4 g6 3. Nc3 d5 4. cxd5 Nxd5 5. e4 Nxc3 6. bxc3
Bg7 7. Be3 c5 8. Qd2 O-O 9. Nf3 Qa5 10. Rc1 Rd8 11. d5 e6
12. Be2 exd5 13. exd5 Nd7 14. O-O Nf6 15. c4 Qxd2 16. Nxd2 b6
17. h3 Bf5 18. g4 Bd7 19. Kg2 h5 20. g5 Ne8 21. Ne4 Bb2
22. Rcd1 Bf5 23. Bd3 Rac8 24. Bb1 Bxe4+ 25. Bxe4 Nd6 26. Bd3
Re8 27. Rb1 Bd4 28. Bf4 Be5 29. Be3 Kf8 30. Kf3 Ke7 31. Rfe1
Kd7 32. Bd2 Bd4 33. Rxe8 Rxe8 34. Re1 Rxe1 35. Bxe1 Nc8
36. Ke4 Nd6+ 37. Kf3 Nc8 38. Ke4 Nd6+ 1/2-1/2

[Event "TOP 16 Poule Haute"]
[Site "Le Port Marly FRA"]
[Date "2009.05.30"]
[EventDate "2009.05.28"]
[Round "10"]
[Result "1/2-1/2"]
[White "Maxime Vachier-Lagrave"]
[Black "Vladislav Ivanovich Tkachiev"]
[WhiteElo "2684"]
[BlackElo "2657"]
[PlyCount "38"]

1. e4 e5 2. Nf3 Nc6 3. Bb5 a6 4. Ba4 Nf6 5. O-O b5 6. Bb3 Bc5
7. c3 d6 8. a4 Bb7 9. d4 Bb6 10. Bg5 h6 11. Bxf6 Qxf6 12. Bd5
O-O 13. dxe5 dxe5 14. Qe2 bxa4 15. Nbd2 Rad8 16. Nc4 Bc8
17. Nxb6 cxb6 18. Bxc6 Qxc6 19. Nxe5 Qc5 1/2-1/2